000 01681 a2200313 4500
003 OSt
005 20180116192333.0
008 120419t xxu||||| |||| 00| 0 eng d
010 _a 84000156
020 _a0226036979 :
020 _a0226036987 (pbk.) :
040 _c0
082 0 0 _a720.47
100 1 _aBanham, Reyner.
_9773
245 1 4 _aThe architecture of the well-tempered environment /
_cReyner Banham.
250 _a2nd ed.
260 _aChicago :
_bUniversity of Chicago Press,
_c1984.
300 _a319 p. :
_bill. ;
_c20 cm.
500 _aIncludes index
505 _a-------------------------------------------------------------------------------- 1. Unwarrented apology 2. Environmental management 3. A dark satanic century 4. The kit of parts: heat and light 5. Environments of large buildings 6. The well-tempered home 7. The environment of the machine aesthetic 8. Machines à habiter 9. Towards full control 10. Concealed power 11. Exposed power 12. A range of methods 13. A breath of intelligence Readings in environmental technology Photo credits Index
650 0 _aBuildings
_xEnvironmental engineering.
_9774
650 0 _aArchitecture
_9775
650 0 _aArchitecture
_xEnvironmental aspects
_9776
856 4 2 _3Contributor biographical information
_uhttp://www.loc.gov/catdir/enhancements/fy0609/84000156-b.html
856 4 2 _3Publisher description
_uhttp://www.loc.gov/catdir/enhancements/fy0608/84000156-d.html
856 4 2 _3Table of contents only
_uhttp://www.loc.gov/catdir/enhancements/fy0608/84000156-t.html
942 _aSADA
_cBK
_k720.47 BAN 1984
_2ddc
999 _c352381
_d352381